Furniture marketing from product development to distribution

Enregistré dans:
Détails bibliographiques
Auteur principal: Bennington, Richard R.
Format: Livre
Langue:anglais
Publié: New York Fairchild Publications, inc. 2004
Édition:2nd ed.
Sujets:
Tags: Ajouter un tag
Pas de tags, Soyez le premier à ajouter un tag!

MARC

LEADER 00000nam$a2200000$$$4500
001 0018628
005 20240306135217.2
020 |a 1-56367-301-0 
041 0 |a eng 
044 |a US 
245 1 0 |a Furniture marketing  |b from product development to distribution  |c Richard R. Bennington 
250 |a 2nd ed. 
264 1 |a New York  |b Fairchild Publications, inc.  |c 2004 
300 |a 447 s. 
610 2 0 |a marketing 
610 2 0 |a nábytok 
610 2 0 |a predaj 
610 2 0 |a zákazníci 
610 2 0 |a stratégia marketingová 
100 1 |a Bennington, Richard R.